中学校の所在地(1900年) - Statistics

General Stats
  • This quiz has been taken 32 times
  • The average score is 112 of 219
Answer Stats
道府県 学校名 Answer % Correct
北海道 札幌中学校 札幌区
93%
函館中学校 函館区
93%
第五中学校 大阪市東区
86%
長崎県 長崎中学校 長崎市
79%
島原中学校 南高来郡島原村
79%
三重県 第一中学校 安濃郡新町
79%
大阪府 第一中学校 大阪市北区
75%
新発田中学校 北蒲原郡新発田町
75%
群馬県 前橋中学校 前橋市
75%
宮城県 第一中学校 仙台市
75%
第二中学校 仙台市
75%
第一中学校分校 仙台市
75%
私立 東北中学校 仙台市
75%
京都府 第一中学校 京都市上京区
71%
第一中学校分校 京都市上京区
71%
新潟県 新潟中学校 新潟市
71%
高田中学校柏崎分校 刈羽郡柏崎町
71%
高崎中学校 高崎市
71%
富岡中学校 北甘楽郡富岡町
71%
太田中学校 新田郡太田町
71%
千葉県 千葉中学校 千葉郡千葉町
71%
佐倉中学校 印旛郡佐倉町
71%
佐原中学校 香取郡佐原町
71%
銚子中学校 海上郡銚子町
71%
千葉中学校木更津分校 君津郡木更津町
71%
私立 成田中学校 印旛郡成田町
71%
茨城県 水戸中学校 水戸市
71%
土浦中学校 新治郡土浦町
71%
下妻中学校 真壁郡下妻町
71%
水戸中学校太田分校 久慈郡太田町
71%
土浦中学校龍ヶ崎分校 稲敷郡龍ケ崎町
71%
下妻中学校水海道分校 結城郡水海道町
71%
私立 下野中学校 宇都宮市
71%
奈良県 郡山中学校 生駒郡郡山町
71%
五條中学校 宇智郡五條町
71%
私立 奈良中学校 奈良市
71%
静岡県 静岡中学校 静岡市
71%
浜松中学校 浜名郡浜松町
71%
山梨県 山梨県中学校 甲府市
71%
長野県 松本中学校 東筑摩郡松本町
71%
長野中学校 長野市
71%
上田中学校 小県郡上田町
71%
飯田中学校 下伊那郡飯田町
71%
岩手県 盛岡中学校 盛岡市
71%
富岡中学校 那賀郡富岡村
71%
宮崎県 宮崎中学校 宮崎郡大宮村
71%
鹿児島県 第一中学校 鹿児島市
71%
県立中学造士館 鹿児島市
71%
兵庫県 姫路中学校 姫路市
68%
神戸中学校 神戸市
68%
豊岡中学校 城崎郡豊岡町
68%
洲本中学校 津名郡洲本町
68%
埼玉県 第一中学校 北足立郡浦和町
68%
大多喜中学校 夷隅郡大多喜町
68%
愛知県 第一中学校 名古屋市
68%
私立 明倫中学校 名古屋市
68%
岐阜県 岐阜中学校 岐阜市
68%
大垣中学校 安八郡大垣町
68%
第二中学校 石城郡平町
68%
第三中学校 信夫郡福島町
68%
一関中学校 西岩井郡一関町
68%
青森県 第一中学校 弘前市
68%
第二中学校 三戸郡八戸町
68%
私立 東奥義塾中学 弘前市
68%
山形県 山形中学校 山形市
68%
米沢中学校 米沢市
68%
山形中学校新庄分校 最上郡新庄町
68%
秋田県 第一中学校 秋田市
68%
簸川中学校 簸川郡杵築町
68%
大分県 大分中学校 大分郡大分町
68%
中津中学校 下毛郡中津町
68%
杵築中学校 速見郡杵築町
68%
臼杵中学校 北海部郡臼杵町
68%
竹田中学校 直入郡竹田町
68%
宇佐中学校 宇佐郡宇佐町
68%
佐賀県 第一中学校 佐賀市
68%
中学第一済々黌 熊本市
68%
柏原中学校 氷上郡柏原町
64%
龍野中学校 揖保郡龍野町
64%
五島中学校 南松浦郡福江村
64%
佐倉中学校成東分校 山武郡成東町
64%
第二中学校 額田郡岡崎町
64%
第四中学校 渥美郡豊橋町
64%
韮山中学校 田方郡韮山村
64%
滋賀県 第一中学校 犬上郡彦根町
64%
私立 会津中学校 若松市
64%
福岡中学校 二戸郡福岡町
64%
遠野中学校 上閉伊郡遠野町
64%
福井県 福井中学校 福井市
64%
武生中学校 南条郡武生町
64%
石川県 第一中学校 金沢市
64%
第二中学校 金沢市
64%
富山県 第一中学校 富山市
64%
鳥取県 第一中学校 鳥取市
64%
島根県 第一中学校 松江市
64%
私立 中学修道館 松江市
64%
岡山県 岡山中学校 岡山市
64%
津山中学校 苫田郡津山町
64%
高梁中学校 上房郡高梁町
64%
私立 関西中学校 岡山市
64%
広島県 第一中学校 広島市
64%
第二中学校 深安郡福山町
64%
私立 明道中学校 広島市
64%
山口県 山口中学校 吉敷郡山口町
64%
徳山中学校 都濃郡徳山村
64%
萩中学校 阿武郡萩町
64%
香川県 高松中学校 高松市
64%
丸亀中学校 丸亀市
64%
愛媛県 松山中学校 松山市
64%
西条中学校 新居郡西条町
64%
福岡県 中学修猷館 福岡市
64%
第三中学校 東松浦郡唐津町
64%
都城中学校 北諸県郡都城町
64%
開成中学校 東京市神田区
61%
私立 錦城中学校 東京市神田区
61%
私立 順天中学校 東京市神田区
61%
私立 東京中学校 東京市神田区
61%
私立 独逸協会学校中学 東京市神田区
61%
私立 大成中学校 東京市神田区
61%
私立 神田中学校 東京市神田区
61%
第二中学校 下都賀郡栃木町
61%
郡立諏訪中学校 諏訪郡上諏訪町
61%
庄内中学校 西田川郡鶴岡町
61%
第四中学校 能美郡小松町
61%
第二中学校 西伯郡米子町
61%
和歌山県 第一中学校 和歌山市
61%
徳島県 徳島中学校 徳島市
61%
高知県 第一中学校 高知市
61%
第二中学校 土佐郡一宮村
61%
郡立中学海南学校 高知市
61%
第一中学校小城分校 小城郡小城町
61%
第二中学校 大里郡熊谷町
57%
第三中学校 入間郡川越町
57%
第二中学校 西牟婁郡田辺町
57%
第二中学校 那賀郡浜田町
54%
脇町中学校 美馬郡脇町
54%
中学明善校 久留米市
54%
私立 正則中学校 東京市芝区
50%
私立 攻玉社中学校 東京市芝区
50%
私立 青山学院中学部 豊多摩郡渋谷村
50%
第二中学校 北秋田郡大館町
50%
東京府 第一中学校 東京市麹町区
46%
城北中学校 東京市麹町区
46%
私立 明治義会中学校 東京市麹町区
46%
私立 日本中学校 東京市麹町区
46%
私立 商工中学校 東京市麹町区
46%
私立 麻布中学校 東京市麻布区
46%
私立 日比谷中学校 東京市麹町区
46%
私立 暁星中学校 東京市麹町区
46%
第三中学校 志田郡古川町
46%
第三中学校 鹿島郡七尾町
46%
第三中学校 双三郡三次町
46%
熊本県 第一中学校 八代郡八代町
46%
私立 中学郁文館 東京市本郷区
43%
私立 早稲田中学校 東京市牛込区
43%
私立 成城学校中学科 東京市牛込区
43%
私立 京華中学校 東京市本郷区
43%
前橋中学校碓氷分校 碓氷郡安中町
43%
第四中学校 度会郡宇治山田町
43%
郡立嘉穂中学校 嘉穂郡飯塚町
43%
第六中学校 泉南郡岸和田村
39%
第四中学校 相馬郡中村町
39%
第三中学校 下新川郡魚津町
39%
第二中学校分校 幡多郡中村町
39%
豊津中学校 京都郡豊津村
39%
中学玖島学館 東彼杵郡大村町
36%
第一中学校分校 安芸郡安芸町
36%
第一中学校分校 東京市京橋区
32%
私立 中学郁文館分館 東京市浅草区
32%
私立 立教学院立教中学校 東京市京橋区
32%
前橋中学校利根分校 利根郡沼田町
32%
第二中学校 射水郡下関村
32%
丸亀中学校三豊分校 三豊郡観音寺町
32%
私立 京北中学校 東京市小石川区
29%
第三中学校 阿山郡上野町
29%
第二中学校 滋賀郡膳所村
29%
第二中学校 三重郡富田村
25%
第一中学校伊具郡立分校 伊具郡角田町
25%
第三中学校 芳賀郡真岡町
21%
畝傍中学校 高市郡八木町
21%
第三中学校 中河内郡八尾村
18%
第四中学校 三島郡茨木町
18%
私立 中学猶興館 北松浦郡平戸村
18%
前橋中学校多野分校 多野郡藤岡町
18%
第三中学校 海東郡津島町
18%
沖縄県 沖縄県中学校 沖縄島真和志間切
18%
私立 中学鳳鳴義塾 多紀郡篠山町
14%
第四中学校 南埼玉郡粕壁町
14%
高松中学校大川分校 大川郡三本松町
14%
第三中学校 姶良郡加治木村
14%
第四中学校 豊田郡忠海町
11%
豊浦中学校 豊浦郡長府村
11%
第二中学校 泉北郡向井村
7%
私立 埼玉中学校 北埼玉郡不動岡村
7%
第四中学校 川辺郡川辺村
7%
第二中学校 紀伊郡上鳥羽村
4%
神奈川県 第一中学校 久良岐郡戸太町
4%
新発田中学校村上分校 岩船郡村上本町
4%
栃木県 第一中学校 河内郡姿川村
4%
東濃中学校 可児郡御嵩町
4%
福島県 第一中学校 安積郡桑野村
4%
第三中学校 平鹿郡朝倉村
4%
岩国中学校 玖珂郡横山村
4%
中学伝習館 山門郡城内村
4%
東筑中学校 遠賀郡洞南村
4%
第二中学校 藤津郡南鹿島村
4%
中学第二済々黌 飽託郡黒髪村
4%
中学第二済々黌天草分黌 天草郡町山口村
4%
長岡中学校 古志郡四郎丸村
0%
高田中学校 中頸城郡高城村
0%
佐渡中学校 佐渡郡二宮村
0%
郡立中学豆陽学校 賀茂郡稲生沢村
0%
斐太中学校 大野郡大八賀村
0%
小浜中学校 遠敷郡雲浜村
0%
宇和島中学校 北宇和郡丸穂村
0%
私立 北予中学校 温泉郡朝美村
0%
中学第一済々黌城北分黌 鹿本郡来民町
0%
延岡中学校 東臼杵郡恒富村
0%
第二中学校 薩摩郡東水引村
0%
No matching quizzes found
Score Distribution
Percent of People with Each Score
Percentile by Number Answered
Your Score History
You have not taken this quiz